Statistiques concernant Quiz sur les Côtes d'Armor

Cliquez ici pour prendre le quiz!

Statistiques générales

  • Ce quiz a été pris 48 fois
  • Le résultat moyen est 14 sur 30

Statistiques - réponses

QuestionRéponse% Correct
Région dans laquelle il se situeBretagne
100%
Département frontalier 1Finistère
100%
Mer dont fait partie la baie de Saint BrieucManche
100%
3Morbihan
100%
Chiffre des Côtes d'Armor22
98%
2Ille et Vilaine
98%
PréfectureSaint Brieuc
98%
3Guingamp
77%
Sous préfecture 1Dinan
74%
Initiales du club qui compte plus de supporter que d'habitantEAG
74%
2Lannion
70%
Côtes touristiquesEmeraude / Granit Rose
56%
Île connue pour sa verrerieBréhat
51%
Cite une région naturelleTrégor / Goëlo / Penthièvre / Loudéac
44%
Rivières principalesJaudy / Trieux / Gouët / Blavet / Scorff / Légué / Meu / Leff
42%
Fort près du Cap d'Erquy et du Cap FréhelLa Latte
40%
Spécialité de PaimpolCoco
30%
Ville au nom composé proche de la précédentePerros-Guirec
30%
Village préféré des Français 2015Ploumanach
30%
Place a laquelle a fini la gare de Saint Brieuc, dans le concours des plus belles gares de FranceDeuxième / Seconde
16%
Fleur emblématique de l'île de BréhatAgapanthe
9%
Couleur du drapeau du conseil Départemental des Côtes d'Armor 30%, 15% puis 55%Bleu, blanc, vert
9%
Cite une des 7 îles (de Plougrescant à Pleumeur-Bodou)Bono / aux Moines / Plate / Malban /Rouzic / aux Cerf / Costans
9%
Spécialités culinairesGavottes / Saint Jacques / Whisky Armoric
9%
Signification du préfixe Plou dans le nom d'une villeParoisse
9%
Trégastel possède un château sur une presqu'île, lequel ?Costaérès
7%
Ville dont le club est en N1 en Rink-HockeyPloufragan
7%
Ville créant des gâteaux secsBelle Ile en Terre
5%
Phare au bout du sentier des douaniers sur la côte de Granit RoseMen Ruz
5%
Traduction du mot "Armor"Prés de la mer / Sur la mer
5%

Distribution des résultats

Percentile par nombre de réponses

% des personnes avec chaque résultat

Votre développement - résultats

Vous n’avez pas pris ce quiz